000 00482pab a2200169 454500
008 180718b2001 xxu||||| |||| 00| 0 eng d
100 _aVerma, A.K.
245 _aLocal demands of forest produce and working plan (a case study of vyara forest division in Gujarat)
260 _c2001
300 _ap.855-64
362 _aAug
650 _aCase studies
650 _aForest products - India - Gujarat
650 _aForest products
773 _aIndian Forester
909 _a49806
999 _c49806
_d49806